[Event "FRA T.IV"]
[Site "Toulouse"]
[Date "2005.02.06"]
[Round "?"]
[White "Nguyen, Sebastien"]
[Black "Carinola, Marco"]
[Result "0-1"]
[WhiteElo "1580"]
[BlackElo "1600"]
[PlyCount "96"]
[EventDate "2005.??.??"]
[EventType "team-match"]
[EventCountry "FRA"]

1. e4 e6 2. d4 c5 3. Nf3 Nf6 4. Bg5 h6 5. Bxf6 Qxf6 6. e5 Qd8 7. c3 b6 8. Nbd2
Bb7 9. Bd3 d6 10. exd6 Bxd6 11. Ne4 O-O 12. Nxd6 Qxd6 13. Ne5 cxd4 14. cxd4
Qb4+ 15. Qd2 Qxd2+ 16. Kxd2 Bxg2 17. Rhg1 Bb7 18. Rg3 Nc6 19. Rag1 g5 20. Nf3
f6 21. h4 Ne7 22. hxg5 hxg5 23. Nh2 Rad8 24. f4 Rxd4 25. fxg5 f5 26. Kc3 Rf4
27. Re1 Rc8+ 28. Kd2 Rf2+ 29. Re2 Rxe2+ 30. Bxe2 Rd8+ 31. Kc1 Ng6 32. Nf1 f4
33. Ra3 a5 34. Rb3 Rd6 35. Nd2 Bd5 36. Bc4 Rc6 37. Rc3 Bxc4 38. Nxc4 e5 39. Kd2
a4 40. Ke2 b5 41. Nd2 Rxc3 42. bxc3 Kf7 43. Kd3 Ke6 44. c4 bxc4+ 45. Kxc4 Kf5
46. Kb4 e4 47. Kxa4 e3 48. Nf3 Ke4 0-1

[Event "FRA T.IV"]
[Site "Toulouse"]
[Date "2005.02.06"]
[Round "?"]
[White "Nivat, Alain"]
[Black "Druihe, Loic"]
[Result "1-0"]
[WhiteElo "1893"]
[BlackElo "1650"]
[PlyCount "31"]
[EventDate "2005.??.??"]
[EventType "team-match"]
[EventCountry "FRA"]

1. e4 e5 2. Nf3 Nf6 3. Nc3 d6 4. d4 exd4 5. Nxd4 Be7 6. Bc4 Nbd7 7. Nf5 Rg8 8.
O-O Ne5 9. Bb3 Nxe4 10. Nxe7 Nxc3 11. bxc3 Qxe7 12. f4 Bg4 13. Qd2 O-O-O 14.
fxe5 dxe5 15. Qg5 Qc5+ 16. Be3 1-0

[Event "FRA T.IV"]
[Site "Toulouse"]
[Date "2005.03.15"]
[Round "?"]
[White "Nivat, Alain"]
[Black "Hoareau, Nicolas"]
[Result "1/2-1/2"]
[WhiteElo "1893"]
[BlackElo "1910"]
[PlyCount "42"]
[EventDate "2005.??.??"]
[EventType "team-match"]
[EventCountry "FRA"]

1. e4 e6 2. Nf3 d5 3. e5 c5 4. b4 cxb4 5. a3 Nc6 6. axb4 Bxb4 7. c3 Be7 8. d4
f6 9. Bd3 Qc7 10. Qe2 fxe5 11. dxe5 Bc5 12. O-O Nge7 13. Re1 O-O 14. Bxh7+ Kxh7
15. Ng5+ Kg8 16. Qh5 Rxf2 17. Be3 Bxe3 18. Rxe3 Rf5 19. Qe8+ Rf8 20. Qh5 Rf5
21. Qe8+ Rf8 1/2-1/2

[Event "FRA T.IV"]
[Site "Toulouse"]
[Date "2005.04.04"]
[Round "?"]
[White "Nougayrede, Jean Louis"]
[Black "Pinault, Ronan"]
[Result "1/2-1/2"]
[WhiteElo "1740"]
[BlackElo "1940"]
[PlyCount "47"]
[EventDate "2005.??.??"]
[EventType "team-match"]
[EventCountry "FRA"]

1. d4 Nf6 2. Nf3 g6 3. g3 d5 4. Bg2 Bg7 5. O-O O-O 6. Nbd2 b6 7. c3 c5 8. Re1
Bb7 9. Qc2 Nbd7 10. e3 Rc8 11. Qd1 Qc7 12. Rb1 e5 13. dxe5 Nxe5 14. Nxe5 Qxe5
15. f4 Qf5 16. Ra1 Ne4 17. Qc2 b5 18. Nxe4 dxe4 19. Bd2 Rfd8 20. Red1 Rc7 21.
Be1 Rcd7 22. Rxd7 Rxd7 23. Rd1 Rxd1 24. Qxd1 1/2-1/2

[Event "FRA T.IV"]
[Site "Toulouse"]
[Date "2005.03.15"]
[Round "?"]
[White "Nougayrede, Jean Louis"]
[Black "Salvignac, Remy"]
[Result "1-0"]
[WhiteElo "1740"]
[BlackElo "1610"]
[PlyCount "117"]
[EventDate "2005.??.??"]
[EventType "team-match"]
[EventCountry "FRA"]

1. c4 e5 2. Nc3 Nc6 3. g3 g6 4. Bg2 Bg7 5. e3 Nf6 6. Nge2 d6 7. O-O O-O 8. b3
Be6 9. Bb2 Qd7 10. d4 Bh3 11. Qc2 Bxg2 12. Kxg2 Nb4 13. Qd2 e4 14. Nc1 Rae8 15.
a3 Na6 16. d5 Nb8 17. N1e2 a6 18. a4 Qf5 19. Nd4 Qc8 20. Nce2 Nbd7 21. Rab1 Ne5
22. Bc3 h6 23. h3 Nh7 24. Ng1 Nd3 25. Nde2 Ne5 26. Nd4 Nd3 27. Nc2 Bxc3 28.
Qxc3 Ng5 29. Ne1 Ne5 30. f4 exf3+ 31. Nexf3 Ngxf3 32. Rxf3 Nxf3 33. Nxf3 Qf5
34. Re1 Qe4 35. Kf2 Qf5 36. g4 Qe4 37. Nd2 Qe5 38. Qxe5 Rxe5 39. e4 Rfe8 40.
Rg1 Kh7 41. Rg3 Kg7 42. h4 h5 43. g5 f5 44. gxf6+ Kxf6 45. Rf3+ Kg7 46. Rf4 g5
47. hxg5 Rxg5 48. Nf3 Rg4 49. Ke3 Rxf4 50. Kxf4 Kf6 51. Ng5 Re7 52. b4 h4 53.
c5 Re5 54. Nf3 h3 55. Nxe5 dxe5+ 56. Kg3 Ke7 57. Kxh3 Kd7 58. Kg4 c6 59. Kf5
1-0

[Event "FRA T.IV"]
[Site "Toulouse"]
[Date "2005.03.15"]
[Round "?"]
[White "Oriot, Patrice"]
[Black "Dargagnon, Remi"]
[Result "0-1"]
[WhiteElo "2110"]
[BlackElo "2071"]
[PlyCount "92"]
[EventDate "2005.??.??"]
[EventType "team-match"]
[EventCountry "FRA"]

1. e4 g6 2. d4 d6 3. Nc3 Bg7 4. Be3 c6 5. Qd2 b5 6. f3 a6 7. h4 h5 8. Nh3 d5 9.
a3 Nh6 10. exd5 cxd5 11. Nf4 Nf5 12. Bf2 Nc6 13. Bd3 Qd6 14. Bxf5 Bxf5 15. O-O
e6 16. Rfe1 O-O 17. Nce2 Rac8 18. b4 Rfd8 19. Nd3 Bxd3 20. cxd3 Ne7 21. Bg3 Qb6
22. Bf2 Nf5 23. Qb2 Rc6 24. Rac1 Rdc8 25. Rc5 Bf8 26. Rxc6 Rxc6 27. Rc1 Bh6 28.
Rxc6 Qxc6 29. Qc3 Qxc3 30. Nxc3 Be3 31. Bxe3 Nxe3 32. Nb1 Nc2 33. Kf2 Nxd4 34.
g3 Kf8 35. Ke3 Nf5+ 36. Kf2 Ke7 37. Nc3 Kd6 38. Nb1 Ke5 39. Nd2 Kd4 40. Nb3+
Kxd3 41. Nc5+ Kc2 42. Nxa6 d4 43. Nc5 d3 44. Ne4 d2 45. Nxd2 Kxd2 46. g4 Nd4
0-1

[Event "FRA T.IV"]
[Site "Toulouse"]
[Date "2005.04.03"]
[Round "?"]
[White "Osete, Jose"]
[Black "Pueyo, Adrien"]
[Result "1-0"]
[WhiteElo "1999"]
[BlackElo "2020"]
[PlyCount "99"]
[EventDate "2005.??.??"]
[EventType "team-match"]
[EventCountry "FRA"]

1. e4 c5 2. Nc3 Nc6 3. f4 g6 4. Nf3 Bg7 5. a3 e6 6. b4 d6 7. bxc5 dxc5 8. Bc4
Nge7 9. O-O O-O 10. Rb1 a6 11. a4 Qc7 12. e5 Nd4 13. Ne4 Nec6 14. c3 Nxf3+ 15.
Qxf3 Bd7 16. d3 Na5 17. Qh3 Nxc4 18. dxc4 f5 19. Nd6 Rab8 20. a5 Rfd8 21. Qe3
Bf8 22. Ba3 Bxd6 23. exd6 Qxd6 24. Bxc5 Qc6 25. Rfe1 h6 26. Qe5 Kh7 27. Rb6 Qc8
28. Rd6 Rg8 29. Red1 Rg7 30. h3 Qd8 31. Rxd7 Rxd7 32. Rxd7+ Qxd7 33. Qxb8 g5
34. Bd4 Qf7 35. Qe5 Kg6 36. Bb6 Qd7 37. Bd4 Qf7 38. Qd6 Kh5 39. Bc5 gxf4 40.
Qxf4 Kg6 41. Be3 Qg7 42. Qg3+ Kf7 43. Qxg7+ Kxg7 44. Bd4+ Kg6 45. Kf2 f4 46. g4
fxg3+ 47. Kxg3 Kf5 48. Kf3 e5 49. Bc5 h5 50. Ke3 1-0

[Event "FRA T.IV"]
[Site "Toulouse"]
[Date "2005.02.06"]
[Round "?"]
[White "Parpinel, Mario"]
[Black "Devecchi, Jorge"]
[Result "0-1"]
[WhiteElo "1770"]
[BlackElo "1740"]
[PlyCount "54"]
[EventDate "2005.??.??"]
[EventType "team-match"]
[EventCountry "FRA"]

1. e4 e5 2. f4 exf4 3. Nf3 Be7 4. Bc4 Bh4+ 5. Kf1 d6 6. d3 Bg4 7. Nc3 Nc6 8.
Bb5 Nge7 9. Bxf4 O-O 10. Qd2 Bxf3 11. gxf3 Nd4 12. Qg2 Ng6 13. Be3 Qf6 14. Bxd4
Qxd4 15. Rg1 Nf4 16. Qd2 c6 17. Bc4 b5 18. Bb3 Rae8 19. Rg4 Nh3 20. Nd1 h5 21.
Rg2 Qf6 22. Qc3 Qxf3+ 23. Nf2 Bf6 24. d4 Qxc3 25. bxc3 Nxf2 26. Kxf2 Rxe4 27.
Re1 Bh4+ 0-1

[Event "FRA T.IV"]
[Site "Toulouse"]
[Date "2005.02.06"]
[Round "?"]
[White "Pinault, Ronan"]
[Black "Eb Levadoux, Yvan"]
[Result "0-1"]
[WhiteElo "1940"]
[BlackElo "1800"]
[PlyCount "76"]
[EventDate "2005.??.??"]
[EventType "team-match"]
[EventCountry "FRA"]

1. d4 Nf6 2. c4 g6 3. Nc3 d5 4. Nf3 Bg7 5. Qb3 c6 6. Bf4 dxc4 7. Qxc4 Be6 8.
Qd3 b5 9. g3 O-O 10. Bg2 Nd5 11. Nxd5 Bxd5 12. O-O Nd7 13. Rfd1 Nf6 14. Be5 Qb6
15. Bh3 Rfd8 16. Nd2 c5 17. dxc5 Qxc5 18. Rac1 Bc4 19. Qf3 Qxe5 20. Nxc4 bxc4
21. Re1 Rab8 22. Rxc4 Rxb2 23. a4 e6 24. Bg2 Qa5 25. Rec1 Nd5 26. e4 Nb6 27.
Rc7 Rd7 28. Rxd7 Nxd7 29. Qd1 Qd2 30. Qxd2 Rxd2 31. Rc7 Bd4 32. Rxd7 Bxf2+ 33.
Kf1 Rxd7 34. Kxf2 Rd4 35. a5 Ra4 36. Ke3 Kf8 37. Bf1 Rxa5 38. Kd4 Ke7 0-1

[Event "FRA T.IV"]
[Site "Toulouse"]
[Date "2005.02.06"]
[Round "?"]
[White "Ponsolle, Rene"]
[Black "Bolon, Karelle"]
[Result "1/2-1/2"]
[WhiteElo "1440"]
[BlackElo "2042"]
[PlyCount "90"]
[EventDate "2005.??.??"]
[EventType "team-match"]
[EventCountry "FRA"]

1. e4 c5 2. Nf3 e6 3. Be2 g6 4. c3 Bg7 5. d4 cxd4 6. cxd4 Qb6 7. O-O Ne7 8. Nc3
d5 9. Na4 Qc7 10. e5 b6 11. Bf4 Ba6 12. Rc1 Qd7 13. b3 O-O 14. Qd2 Bxe2 15.
Qxe2 Nbc6 16. Qd2 Rfc8 17. Rc2 Rc7 18. Rfc1 Rac8 19. h3 Na5 20. Rxc7 Rxc7 21.
Rxc7 Qxc7 22. Qc3 Qxc3 23. Nxc3 a6 24. g4 b5 25. Ne1 Nec6 26. Nc2 f6 27. exf6
Bxf6 28. Bc7 Nb7 29. Ne2 g5 30. Kg2 Kf7 31. Kg3 a5 32. f4 gxf4+ 33. Kxf4 h6 34.
Kf3 Ke7 35. Bf4 Bg7 36. Ke3 e5 37. Bxe5 Nxe5 38. dxe5 Bxe5 39. Ncd4 Nd6 40.
Nc6+ Ke6 41. Nxe5 Kxe5 42. Nd4 a4 43. Nf3+ Ke6 44. Nd4+ Ke5 45. Nf3+ Ke6
1/2-1/2

[Event "FRA T.IV"]
[Site "Toulouse"]
[Date "2005.04.03"]
[Round "?"]
[White "Pueyo, David"]
[Black "Oriot, Patrice"]
[Result "1-0"]
[WhiteElo "2096"]
[BlackElo "2110"]
[PlyCount "105"]
[EventDate "2005.??.??"]
[EventType "team-match"]
[EventCountry "FRA"]

1. e4 c6 2. d4 d5 3. Nc3 dxe4 4. Nxe4 Nf6 5. Nxf6+ gxf6 6. c3 Qd5 7. Ne2 Bg4 8.
f3 Bf5 9. Ng3 Bg6 10. Bd3 Nd7 11. Be4 Qc4 12. Qb3 Nb6 13. Be3 e6 14. O-O-O
O-O-O 15. Bf4 Rg8 16. Rhg1 Be7 17. Kc2 Qxb3+ 18. axb3 Nd5 19. Bd2 Bd6 20. Nf1
a6 21. g3 f5 22. Bd3 f4 23. g4 h5 24. h3 hxg4 25. hxg4 Rh8 26. Bxg6 fxg6 27.
Kd3 Rh3 28. Ke2 Rdh8 29. Be1 Rh1 30. Rxh1 Rxh1 31. Bf2 Kd7 32. Nd2 Rxd1 33.
Kxd1 Nf6 34. Ke2 g5 35. Kd3 Be7 36. c4 Bb4 37. Ne4 Nxe4 38. Kxe4 Bd2 39. Ke5
Ke7 40. d5 cxd5 41. cxd5 exd5 42. Kxd5 Bc1 43. Bd4 Kf7 44. Kd6 Be3 45. Bc3 b6
46. b4 Bf2 47. b3 Be3 48. Kc6 Ke6 49. Kb7 Bf2 50. Kxa6 Be3 51. Kb5 Bf2 52. Kc4
Be3 53. b5 1-0

[Event "FRA T.IV"]
[Site "Toulouse"]
[Date "2005.02.06"]
[Round "?"]
[White "Purcell, Brendan"]
[Black "Casella, Laurent"]
[Result "1-0"]
[WhiteElo "1950"]
[BlackElo "2039"]
[PlyCount "75"]
[EventDate "2005.??.??"]
[EventType "team-match"]
[EventCountry "FRA"]

1. e4 c5 2. Nf3 d6 3. d4 cxd4 4. Nxd4 Nf6 5. Nc3 g6 6. Be3 Bg7 7. f3 O-O 8. Qd2
Nc6 9. Bc4 Bd7 10. O-O-O Rc8 11. Bb3 Ne5 12. h4 h5 13. Bg5 Rc5 14. f4 Nc4 15.
Qd3 Qc7 16. Bxf6 Bxf6 17. Nd5 Rxd5 18. exd5 b5 19. g4 Bxd4 20. Qxd4 Bxg4 21.
Rd3 Rc8 22. Rc3 Qc5 23. Qxc5 Rxc5 24. Bxc4 bxc4 25. Re1 Rxd5 26. Rxc4 e5 27.
fxe5 dxe5 28. Rc7 Ra5 29. b4 Rxa2 30. Rxe5 Ra1+ 31. Kb2 Ra4 32. Kb3 Ra6 33.
Ree7 g5 34. hxg5 Rg6 35. c4 Be6 36. Rxa7 Rxg5 37. Re8+ Kg7 38. Rxe6 1-0

[Event "FRA T.IV"]
[Site "Toulouse"]
[Date "2005.03.13"]
[Round "?"]
[White "Purcell, Brendan"]
[Black "Tanguy, Fabien"]
[Result "1-0"]
[WhiteElo "1950"]
[BlackElo "2093"]
[PlyCount "97"]
[EventDate "2005.??.??"]
[EventType "team-match"]
[EventCountry "FRA"]

1. e4 g6 2. d4 Bg7 3. Nc3 d6 4. f4 e6 5. Nf3 Ne7 6. Be3 a6 7. Bd3 Nbc6 8. Qd2
O-O 9. g4 f5 10. g5 fxe4 11. Bxe4 Nf5 12. O-O-O d5 13. Bxf5 exf5 14. h4 Be6 15.
h5 Kf7 16. h6 Bh8 17. Ne5+ Bxe5 18. dxe5 Na5 19. Nxd5 Nc4 20. Qd4 Qxd5 21. Qxd5
Bxd5 22. Rxd5 Nxe3 23. Rd7+ Ke6 24. Rxh7 Rf7 25. Rxf7 Kxf7 26. b3 Rd8 27. Rh2
Kg8 28. c4 Rd1+ 29. Kb2 Rd4 30. Re2 Nf1 31. e6 Rd8 32. e7 Re8 33. Re6 Kh7 34.
Kc3 Ng3 35. Kd4 Ne4 36. Kd5 Nf2 37. Re2 Ne4 38. Ke6 Kg8 39. b4 b6 40. Re1 Nd6
41. Rd1 a5 42. c5 bxc5 43. bxc5 Nb7 44. c6 Nc5+ 45. Kf6 Ne4+ 46. Kxg6 Nd6 47.
Rxd6 cxd6 48. h7+ Kh8 49. Kf7 1-0

[Event "FRA T.IV"]
[Site "Toulouse"]
[Date "2005.02.06"]
[Round "?"]
[White "Rauzieres, Guy"]
[Black "Lemoine, Benoit"]
[Result "0-1"]
[WhiteElo "1780"]
[BlackElo "2152"]
[PlyCount "60"]
[EventDate "2005.??.??"]
[EventType "team-match"]
[EventCountry "FRA"]

1. Nf3 Nf6 2. c4 g6 3. Nc3 d5 4. e3 Bg7 5. d4 O-O 6. b3 c5 7. Bb2 Bg4 8. Be2
Nc6 9. h3 Bxf3 10. Bxf3 dxc4 11. Bxc6 bxc6 12. bxc4 Rb8 13. Rb1 Qa5 14. O-O
Rxb2 15. Rxb2 Qxc3 16. Rb7 Qxc4 17. Rxa7 cxd4 18. Ra4 Qb5 19. Rxd4 Nd5 20. Rd3
Qa5 21. Qb3 Be5 22. Rb1 Nc3 23. Rf1 Nxa2 24. Qc4 Nb4 25. Rd7 Bd6 26. Rd1 Qa4
27. Qe2 c5 28. Rb7 Ra8 29. g3 Qc6 30. Qb5 Qf3 0-1

[Event "FRA T.IV"]
[Site "Toulouse"]
[Date "2005.04.04"]
[Round "?"]
[White "Ravon, Michel"]
[Black "Devos, Herve"]
[Result "0-1"]
[WhiteElo "1640"]
[BlackElo "1803"]
[PlyCount "92"]
[EventDate "2005.??.??"]
[EventType "team-match"]
[EventCountry "FRA"]

1. Nf3 Nf6 2. d4 d6 3. c4 g6 4. Nc3 Bg7 5. g3 Bg4 6. Bg2 O-O 7. Ng5 c6 8. Qb3
Bc8 9. O-O Nbd7 10. Rd1 Qc7 11. Qc2 a6 12. b3 e5 13. Ba3 exd4 14. Rxd4 Qa5 15.
Bc1 Ne8 16. Nf3 Bxd4 17. Nxd4 Qe5 18. Nf3 Qe7 19. Ba3 Nc5 20. Rd1 Bf5 21. Qd2
Ne4 22. Nxe4 Qxe4 23. Ng5 Qc2 24. Qd4 Qxe2 25. Bb2 Qe5 26. Qd2 Qe7 27. Re1 Qd7
28. Ne4 Bxe4 29. Rxe4 f6 30. Qe3 Rf7 31. Bh3 Qxh3 32. Rxe8+ Rxe8 33. Qxe8+ Kg7
34. Bc1 Qd7 35. Qe3 g5 36. Bb2 Kg8 37. f4 h6 38. Qe4 Kg7 39. fxg5 hxg5 40. h4
Qh3 41. hxg5 Qxg3+ 42. Qg2 Qxg2+ 43. Kxg2 b5 44. cxb5 axb5 45. b4 Kg6 46. gxf6
Rxf6 0-1

[Event "FRA T.IV"]
[Site "Toulouse"]
[Date "2005.04.03"]
[Round "?"]
[White "Reynes, Philippe"]
[Black "Decosse, Jean Fabien"]
[Result "0-1"]
[WhiteElo "1790"]
[BlackElo "2209"]
[PlyCount "154"]
[EventDate "2005.??.??"]
[EventType "team-match"]
[EventCountry "FRA"]

1. d4 Nf6 2. e3 g6 3. Nf3 Bg7 4. Be2 d6 5. O-O O-O 6. Nbd2 c6 7. b3 Nbd7 8. Bb2
Qc7 9. c4 e5 10. Qc2 b6 11. dxe5 dxe5 12. Rfd1 Bb7 13. Ne4 Nxe4 14. Qxe4 Rad8
15. Qc2 Nc5 16. Rxd8 Rxd8 17. Rd1 f6 18. b4 Ne6 19. Rxd8+ Qxd8 20. c5 bxc5 21.
bxc5 Bc8 22. Qa4 Qc7 23. Bc4 Kh8 24. Ba3 Bf8 25. Bxe6 Bxe6 26. Qh4 Kg7 27. Qa4
Bxa2 28. Nd2 Bd5 29. e4 Be6 30. Nc4 Bxc4 31. Qxc4 Qa5 32. Qb4 Qxb4 33. Bxb4 f5
34. f3 a5 35. Ba3 Kf6 36. Kf2 Bh6 37. Ke2 Bf4 38. g3 Bg5 39. Kd3 h5 40. Bb2 Ke6
41. Bc3 a4 42. Bb2 h4 43. Kc4 fxe4 44. fxe4 h3 45. Kd3 Kd7 46. Kc4 Ke6 47. Kd3
Bd8 48. Ke3 Be7 49. Ba3 Kd7 50. Kd3 Bf8 51. Ke3 Kc7 52. Kd3 Be7 53. Kc4 Bg5 54.
Bb2 Bd2 55. Bxe5+ Kd7 56. Bd4 Ke6 57. Kd3 Be1 58. Kc2 Bxg3 59. Bg1 Be5 60. Kb1
g5 61. Ka2 g4 62. Ka3 g3 63. hxg3 Bxg3 64. Kxa4 h2 65. Bxh2 Bxh2 66. Ka5 Kd7
67. Kb6 Bg3 68. Kb7 Be5 69. Ka6 Bc3 70. Kb7 Be5 71. Ka6 Kc8 72. Ka5 Kb7 73. Kb4
Bc7 74. Ka4 Kc8 75. Kb4 Kd7 76. Kc4 Ke6 77. Kd4 Ba5 0-1

[Event "FRA T.IV"]
[Site "Toulouse"]
[Date "2005.03.15"]
[Round "?"]
[White "Reynes, Philippe"]
[Black "Masot, Liberto"]
[Result "0-1"]
[WhiteElo "1790"]
[BlackElo "1830"]
[PlyCount "52"]
[EventDate "2005.??.??"]
[EventType "team-match"]
[EventCountry "FRA"]

1. e4 d5 2. d4 dxe4 3. Nc3 Nf6 4. f3 exf3 5. Nxf3 Bg4 6. h3 Bh5 7. g4 Bg6 8.
Bf4 c6 9. Bg2 e6 10. Qe2 Be7 11. O-O-O Nd5 12. Nxd5 Qxd5 13. Ne5 Qxa2 14. Nxg6
hxg6 15. Qe5 Nd7 16. Qc7 Qa1+ 17. Kd2 Qxb2 18. Kd3 Rd8 19. Ke3 Qc3+ 20. Rd3
Qxc2 21. Qxb7 Qxg2 22. Rh2 Rxh3+ 23. Rxh3 Qxh3+ 24. Kd2 Qxd3+ 25. Kxd3 Nc5+ 26.
Kc4 Nxb7 0-1

[Event "FRA T.IV"]
[Site "Toulouse"]
[Date "2005.04.03"]
[Round "?"]
[White "Ribou, Jacques"]
[Black "Lacomme, Christophe"]
[Result "0-1"]
[WhiteElo "1870"]
[BlackElo "1940"]
[PlyCount "88"]
[EventDate "2005.??.??"]
[EventType "team-match"]
[EventCountry "FRA"]

1. e4 d5 2. exd5 Qxd5 3. Nc3 Qa5 4. Bc4 Bf5 5. d3 e6 6. Nge2 c6 7. Bd2 Nd7 8.
O-O Be7 9. Ng3 Bg6 10. Qe2 Qc7 11. Rae1 O-O-O 12. a3 Ngf6 13. b4 a6 14. Nge4
Nd5 15. Bxd5 exd5 16. Ng5 Bd6 17. h3 Nf6 18. Qd1 Rhe8 19. Rxe8 Rxe8 20. Re1
Rxe1+ 21. Qxe1 Qe7 22. Qxe7 Bxe7 23. Nf3 Bd6 24. Ne2 Nd7 25. Bf4 Kc7 26. Bxd6+
Kxd6 27. Nf4 Ne5 28. Nxe5 Kxe5 29. Nxg6+ hxg6 30. c3 b5 31. g3 d4 32. f4+ Kd5
33. Kf2 dxc3 34. Ke3 c5 35. g4 cxb4 36. axb4 a5 37. bxa5 b4 38. d4 Kc6 39. h4
Kb5 40. Kd3 Kxa5 41. Kc2 Kb5 42. g5 Kc4 43. f5 Kxd4 44. h5 gxh5 0-1

[Event "FRA T.IV"]
[Site "Toulouse"]
[Date "2005.03.15"]
[Round "?"]
[White "Ribou, Jacques"]
[Black "Rauzieres, Guy"]
[Result "1/2-1/2"]
[WhiteElo "1870"]
[BlackElo "1780"]
[PlyCount "99"]
[EventDate "2005.??.??"]
[EventType "team-match"]
[EventCountry "FRA"]

1. e4 d5 2. exd5 Nf6 3. Bb5+ Nbd7 4. Nc3 a6 5. Be2 Nb6 6. d4 Nbxd5 7. Nf3 e6 8.
Bg5 Be7 9. O-O h6 10. Bh4 g5 11. Bg3 Nxc3 12. bxc3 Ne4 13. Qd3 Nxg3 14. fxg3
Bf6 15. Rab1 Rb8 16. Qe3 Bd7 17. Ne5 Bxe5 18. Qxe5 Rf8 19. Rf6 Bc6 20. Bc4 b5
21. Bb3 Qd6 22. Qe2 Bd5 23. Rbf1 c6 24. Qh5 Rb7 25. Rxh6 c5 26. Bxd5 Qxd5 27.
Rh8 Rxh8 28. Qxh8+ Ke7 29. Qf6+ Kf8 30. Qf3 Qxf3 31. Rxf3 cxd4 32. cxd4 b4 33.
a3 a5 34. axb4 Rxb4 35. Rd3 Rc4 36. Ra3 Rxc2 37. Rxa5 f6 38. Ra4 Kf7 39. h4 Kg6
40. Ra6 Rd2 41. Rxe6 gxh4 42. gxh4 Rxd4 43. g3 Rd2 44. Re1 Kh5 45. Rf1 Kg4 46.
Rf2 Rd3 47. Rg2 Kh3 48. Rf2 Rxg3+ 49. Kf1 Rg6 50. h5 1/2-1/2

[Event "FRA T.IV"]
[Site "Toulouse"]
[Date "2005.04.03"]
[Round "?"]
[White "Rich, Philippe"]
[Black "Knecht, Alain"]
[Result "1/2-1/2"]
[WhiteElo "1980"]
[BlackElo "1999"]
[PlyCount "46"]
[EventDate "2005.??.??"]
[EventType "team-match"]
[EventCountry "FRA"]

1. c4 c6 2. e4 d5 3. exd5 cxd5 4. cxd5 Nf6 5. Nc3 Nxd5 6. Nf3 e6 7. Bc4 Nc6 8.
O-O Be7 9. d4 O-O 10. a3 Bf6 11. Ne4 Nce7 12. Nxf6+ Nxf6 13. Bg5 Ned5 14. Ne5
h6 15. Bh4 b6 16. Ng4 Qc7 17. Bxf6 Nxf6 18. Nxf6+ gxf6 19. Qg4+ Kh8 20. Qh5 Kg7
21. Qg4+ Kh8 22. Qh5 Kg7 23. Qg4+ Kh8 1/2-1/2

[Event "FRA T.IV"]
[Site "Toulouse"]
[Date "2005.03.13"]
[Round "?"]
[White "Rich, Philippe"]
[Black "Rouede, Gilbert"]
[Result "1/2-1/2"]
[WhiteElo "1980"]
[BlackElo "1842"]
[PlyCount "41"]
[EventDate "2005.??.??"]
[EventType "team-match"]
[EventCountry "FRA"]

1. c4 e6 2. e4 d5 3. exd5 exd5 4. d4 Nf6 5. Nc3 c6 6. Nf3 Bd6 7. Bg5 dxc4 8.
Bxc4 O-O 9. O-O h6 10. Bxf6 Qxf6 11. Ne4 Qd8 12. Nxd6 Qxd6 13. Re1 Bg4 14. Qb3
Nd7 15. Ne5 Nxe5 16. dxe5 Qc7 17. h3 Bf5 18. g4 Bg6 19. e6 fxe6 20. Rxe6 Bf7
21. Re3 1/2-1/2

[Event "FRA T.IV"]
[Site "Toulouse"]
[Date "2005.02.06"]
[Round "?"]
[White "Rigal, Samy"]
[Black "Dervieux, Dominique"]
[Result "0-1"]
[WhiteElo "1730"]
[BlackElo "1910"]
[PlyCount "86"]
[EventDate "2005.??.??"]
[EventType "team-match"]
[EventCountry "FRA"]

1. d4 f5 2. Bg5 h6 3. Bh4 g5 4. e3 Nf6 5. Bg3 e6 6. Bd3 b6 7. Nf3 Bb7 8. Rg1
Bg7 9. Nc3 d6 10. Qe2 Nbd7 11. Nd2 Qe7 12. O-O-O O-O-O 13. f3 Nd5 14. Ndb1 f4
15. Bf2 Nxe3 16. Bxe3 fxe3 17. Qxe3 Qf6 18. Bc4 e5 19. dxe5 Qxe5 20. Qxe5 Bxe5
21. h3 Rde8 22. Rge1 Bg3 23. Re2 Rxe2 24. Nxe2 Bf2 25. Nbc3 Re8 26. Rf1 Be3+
27. Kb1 Ne5 28. Bb5 c6 29. Ba4 Ba6 30. Re1 Bf2 31. Rh1 b5 32. Bb3 d5 33. Nd1
Nxf3 34. gxf3 Rxe2 35. c3 Bc5 36. h4 Be7 37. hxg5 Bxg5 38. Bc2 Kc7 39. b4 Bc8
40. a4 a6 41. axb5 axb5 42. Rf1 Bh3 43. Rh1 Bg2 0-1

[Event "FRA T.IV"]
[Site "Toulouse"]
[Date "2005.02.06"]
[Round "?"]
[White "Riviere, Frederic"]
[Black "Nghiem Cong, Luat"]
[Result "0-1"]
[WhiteElo "1870"]
[BlackElo "1970"]
[PlyCount "138"]
[EventDate "2005.??.??"]
[EventType "team-match"]
[EventCountry "FRA"]

1. e4 c6 2. d4 d5 3. Nc3 dxe4 4. Nxe4 Bf5 5. Nc3 Nf6 6. Nf3 Nbd7 7. Bf4 e6 8.
Bd3 Bxd3 9. Qxd3 Be7 10. O-O O-O 11. Rae1 Nh5 12. Bd2 Qc7 13. Ne4 Nf4 14. Bxf4
Qxf4 15. Ng3 Nf6 16. c4 Rfd8 17. Rd1 c5 18. Rfe1 cxd4 19. Ne2 Qc7 20. Nexd4 a6
21. Qe2 Bb4 22. Rf1 Rac8 23. b3 Qb6 24. h3 Bc5 25. Nc2 Qa5 26. Ncd4 Rd6 27. Rd3
Rcd8 28. Rfd1 Qb6 29. Qe5 Qc7 30. g4 h6 31. R1d2 Bb4 32. Rd1 Nd7 33. Qf4 Nf8
34. Ne5 f6 35. Nef3 e5 36. Nxe5 fxe5 37. Qxe5 Qc5 38. Qf4 Qg5 39. Qe4 Bc5 40.
Nf5 Rxd3 41. Rxd3 Rxd3 42. Qxd3 b6 43. Qd5+ Kh7 44. Qe5 Qf6 45. Qe2 Ng6 46. Qe4
Qe5 47. Qf3 Qf4 48. Qe2 Qe5 49. Qf3 Nf4 50. Ne3 Bxe3 51. fxe3 Qa1+ 52. Kh2
Qxa2+ 53. Kg3 Ng6 54. g5 Qa1 55. gxh6 Qg1+ 56. Qg2 Qxg2+ 57. Kxg2 Kxh6 58. Kf3
Kg5 59. Ke4 Ne7 60. Ke5 Kh4 61. b4 Kxh3 62. e4 g5 63. Kd6 g4 64. c5 bxc5 65.
bxc5 g3 66. Kxe7 g2 67. c6 g1=Q 68. c7 Qc5+ 69. Kd7 Qd4+ 0-1

[Event "FRA T.IV"]
[Site "Toulouse"]
[Date "2005.04.04"]
[Round "?"]
[White "Roques, Pascal"]
[Black "Canivet, Christophe"]
[Result "1/2-1/2"]
[WhiteElo "2060"]
[BlackElo "1954"]
[PlyCount "59"]
[EventDate "2005.??.??"]
[EventType "team-match"]
[EventCountry "FRA"]

1. Nc3 d5 2. e4 d4 3. Nce2 e5 4. Ng3 Nf6 5. Bc4 Bd6 6. Nf3 O-O 7. O-O Bg4 8. h3
Bd7 9. c3 c5 10. d3 h6 11. cxd4 cxd4 12. Nh4 Kh8 13. Nhf5 Be6 14. b3 Nc6 15.
Bd2 Ne7 16. Nxd6 Qxd6 17. f4 Bxc4 18. bxc4 Nd7 19. f5 Nf6 20. Rb1 b6 21. Bb4
Qd7 22. Nh5 Nxh5 23. Qxh5 f6 24. Rf3 Rae8 25. Rg3 Qa4 26. Rb2 Qc6 27. Rf2 a5
28. Bd2 Ng8 29. Bc1 b5 30. Qg4 1/2-1/2

[Event "FRA T.IV"]
[Site "Toulouse"]
[Date "2005.02.06"]
[Round "?"]
[White "Rouede, Gilbert"]
[Black "Reynes, Philippe"]
[Result "1-0"]
[WhiteElo "1842"]
[BlackElo "1790"]
[PlyCount "47"]
[EventDate "2005.??.??"]
[EventType "team-match"]
[EventCountry "FRA"]

1. e4 e6 2. d4 d5 3. Nd2 dxe4 4. Nxe4 Nd7 5. Nf3 Ngf6 6. Bd3 Be7 7. O-O Nxe4 8.
Bxe4 Nf6 9. Bd3 O-O 10. Re1 b6 11. Bf4 Bb7 12. c3 c5 13. dxc5 bxc5 14. Qe2 Qb6
15. Ne5 Rfd8 16. Bg5 Qc7 17. Rad1 a5 18. Nxf7 Kxf7 19. Qxe6+ Kf8 20. Bc4 Bd5
21. Bxd5 Nxd5 22. Rxd5 Bxg5 23. Rxg5 Re8 24. Rf5+ 1-0

[Event "FRA T.IV"]
[Site "Toulouse"]
[Date "2005.01.09"]
[Round "?"]
[White "Sandel, Frieder"]
[Black "Besset, Thierry"]
[Result "0-1"]
[WhiteElo "1510"]
[BlackElo "1740"]
[PlyCount "106"]
[EventDate "2005.??.??"]
[EventType "team-match"]
[EventCountry "FRA"]

1. e4 e5 2. Nf3 Nc6 3. Bc4 Nf6 4. d3 Bc5 5. O-O d6 6. Nc3 Bg4 7. Re1 Qd7 8. Be3
O-O-O 9. Nd5 Nd4 10. Bxd4 exd4 11. c3 Nxd5 12. Bxd5 c6 13. Bb3 dxc3 14. bxc3
Kb8 15. a3 Rhe8 16. d4 Bb6 17. Qd3 h6 18. a4 Ba5 19. Nd2 f5 20. f3 fxe4 21.
Rxe4 Bf5 22. d5 Bxe4 23. Nxe4 c5 24. Nd2 Re7 25. Kf2 Rde8 26. Ne4 Qf5 27. Kg1
g5 28. h3 h5 29. Bc2 Qe5 30. Rb1 Bxc3 31. Qxc3 Qxc3 32. Nxc3 Re1+ 33. Kf2 Rxb1
34. Bxb1 Kc7 35. Bd3 Re5 36. Bc4 a6 37. a5 Re8 38. Ne4 g4 39. hxg4 hxg4 40. Kg3
gxf3 41. gxf3 Rg8+ 42. Kf2 Rh8 43. Kg2 Kd7 44. f4 Ke7 45. Be2 Rh4 46. Kg3 Rh1
47. Kg4 Rg1+ 48. Kf5 Ra1 49. Kg6 Ra4 50. Kf5 Rxa5 51. Nf6 Ra2 52. Kg6 Rxe2 53.
f5 Rg2+ 0-1